000 04037nam0a2200433 4500
001 RU\NLR\BIBL_A\010876689
005 20260601075811.0
010 _a978-5-17-092475-2
_92000
021 _aRU
_b2015-73555
_94424
035 _a(NILC)RuMoRGB-008028199
035 _a(NLR Aleph) 010876689
090 _a10484207
_c10484207
100 _a20151028d2015 |||y0rusy50 ca
101 0 _arus
102 _aRU
105 _aac||z|||000yy
200 1 _aБольшая книга актерского мастерства
_eуникальное собрание тренингов по методикам величайших режиссеров
_e[пособие для начинающего актера]
_fСтаниславский, Мейерхольд, Чехов, Товстоногов
_g[Вера Полищук, Эльвира Сарабьян]
210 _aМосква
_cАСТ
_cПрайм
_d2015
215 _a789 с.
_cил., портр.
_d22
225 1 _aАктерТренинг
300 _aНа 4-й с. обл.: Уникальные упражнения и авторские тренинги Константина Станиславского, Георгия Товстоногова, Всеволода Мейерхольда и Михаила Чехова - впервые под одной обложкой!
311 _aПособие составлено по книгам: Э. Сарабьян: "Актерский тренинг по системе Станиславского. Настрой. Состояния. Партнер. Ситуации"; "Актерский тренинг по системе Станиславского. Интеллект. Воображение. Эмоции. Метод действенного развития"; "Актерский тренинг по системе Г. Товстоногова". В. Полищук: "Книга актерского мастерства. Всеволод Мейерхольд"; "Актерский тренинг Михаила Чехова"
320 _aБиблиогр. в конце разделов
320 _aФильмогр. Михаила Чехова: с. 607
488 0 _12001#$aАктерский тренинг по системе Станиславского. Настрой. Состояния. Партнер. Ситуации$aАктерский тренинг по системе Станиславского. Интеллект. Воображение. Эмоции. Метод действнного развития$aАктерский тренинг по системе Г. Товстоногова$fЭ. Сарабьян
_1700#1$aСарабьян$bЭ.$gЭльвира
_tАктерский тренинг по системе Г. Товстоногова
_aСарабьян, Эльвира
488 0 _12001#$aКнига актерского мастерства. Всеволод Мейерхольд$aАктерский тренинг Михаила Чехова$fВ. Полищук
_1700#1$aПолищук$bВ.$gВера
_tАктерский тренинг Михаила Чехова
_aПолищук, Вера
606 1 _aАктерское искусство
_92100517
_3RU\NLR\AUTH\661270415
675 _a792
686 1 _aЩ334.076
701 1 _4070
_7ca
_8rus
_aСтаниславский
_bК. С.
_f1863-1938
_gКонстантин Сергеевич
_9118764
_3RU\NLR\AUTH\778883
701 1 _4070
_7ca
_8rus
_aМейерхольд
_bВ. Э.
_f1874-1940
_gВсеволод Эмильевич
_9119245
_3RU\NLR\AUTH\779414
701 1 _4070
_7ca
_8rus
_aЧехов
_bМ. А.
_f1891-1955
_gМихаил Александрович
_941939
_3RU\NLR\AUTH\7759007
701 1 _aТовстоногов
_bГ.А.
_f1915-1989
_gГеоргий Александрович
_4070
702 1 _aПолищук
_bВ.
_gВера
_4220
801 0 _aRU
_bРГБ
_c20150925
_gRCR
942 _cBOOK
980 _aNB